| 000 | 00529nam a22002057a 4500 | ||
|---|---|---|---|
| 005 | 20160713113328.0 | ||
| 008 | 160713b xxu||||| |||| 00| 0 eng d | ||
| 020 | _c200.00 | ||
| 040 | _aLoreto College | ||
| 041 | _aEnglish | ||
| 082 |
_a891.441 _bDAS |
||
| 100 | _aDas, Jibanananda | ||
| 245 |
_aAprakaashito _cJibanananda Das;edited by Goutam Mitra |
||
| 260 |
_aKolkata _bSaptarshi Prakashan _c2015 |
||
| 300 |
_a63p _b22cm |
||
| 650 | _aBengali poetry | ||
| 700 |
_4ed. _aMitra,Gautam |
||
| 850 | _aLCLIB | ||
| 942 | _cBK | ||
| 999 |
_c40663 _d91142 |
||